<?xml version="1.0" encoding="UTF-8"?>
<record
    xmlns:xsi="http://www.w3.org/2001/XMLSchema-instance"
    xsi:schemaLocation="http://www.loc.gov/MARC21/slim http://www.loc.gov/standards/marcxml/schema/MARC21slim.xsd"
    xmlns="http://www.loc.gov/MARC21/slim">

  <leader>01726cam a2200445 i 4500</leader>
  <datafield tag="999" ind1=" " ind2=" ">
    <subfield code="c">524533</subfield>
    <subfield code="d">524533</subfield>
  </datafield>
  <controlfield tag="001">17495797</controlfield>
  <controlfield tag="003">NUST</controlfield>
  <controlfield tag="005">20190622082816.0</controlfield>
  <controlfield tag="008">121016s2011    pk       b    001 0 urdo </controlfield>
  <datafield tag="010" ind1=" " ind2=" ">
    <subfield code="a">  2012430773</subfield>
  </datafield>
  <datafield tag="020" ind1=" " ind2=" ">
    <subfield code="a">9789699454059</subfield>
  </datafield>
  <datafield tag="025" ind1=" " ind2=" ">
    <subfield code="a">P-U-2012430773; 29</subfield>
  </datafield>
  <datafield tag="038" ind1=" " ind2=" ">
    <subfield code="a">Waseem</subfield>
  </datafield>
  <datafield tag="040" ind1=" " ind2=" ">
    <subfield code="a">DLC</subfield>
    <subfield code="b">eng</subfield>
    <subfield code="e">rda</subfield>
    <subfield code="c">DLC</subfield>
  </datafield>
  <datafield tag="042" ind1=" " ind2=" ">
    <subfield code="a">lcode</subfield>
    <subfield code="a">pcc</subfield>
  </datafield>
  <datafield tag="043" ind1=" " ind2=" ">
    <subfield code="a">a-pk---</subfield>
  </datafield>
  <datafield tag="050" ind1="0" ind2="0">
    <subfield code="a">DS384</subfield>
    <subfield code="b">.J26 2011</subfield>
  </datafield>
  <datafield tag="066" ind1=" " ind2=" ">
    <subfield code="c">(3</subfield>
    <subfield code="c">(4</subfield>
  </datafield>
  <datafield tag="082" ind1=" " ind2=" ">
    <subfield code="a">320.9547</subfield>
    <subfield code="b">JAF</subfield>
  </datafield>
  <datafield tag="100" ind1="1" ind2=" ">
    <subfield code="6">880-01</subfield>
    <subfield code="a">Ja&#x2BB;far&#x12B;, &#x2BB;Aq&#x12B;l &#x2BB;Abb&#x101;s.</subfield>
    <subfield code="9">15340</subfield>
  </datafield>
  <datafield tag="245" ind1="1" ind2="0">
    <subfield code="6">880-02</subfield>
    <subfield code="a">P&#x101;kist&#x101;n ke siy&#x101;s&#x12B; va&#x1E0D;ere /</subfield>
    <subfield code="c">&#x2BB;Aq&#x12B;l &#x2BB;Abb&#x101;s Ja&#x2BB;far&#x12B;.</subfield>
  </datafield>
  <datafield tag="250" ind1=" " ind2=" ">
    <subfield code="6">880-03</subfield>
    <subfield code="a">Mukammal iz&#x324;&#x101;fah aur na&#x1E93;ar-i s&#x332;&#x101;n&#x12B; shudah ai&#x1E0D;&#x12B;shan.</subfield>
  </datafield>
  <datafield tag="264" ind1=" " ind2="1">
    <subfield code="6">880-04</subfield>
    <subfield code="a">Kar&#x101;c&#x12B; :</subfield>
    <subfield code="b">Virs&#x332;ah,</subfield>
    <subfield code="c">2011.</subfield>
  </datafield>
  <datafield tag="300" ind1=" " ind2=" ">
    <subfield code="a">743 pages ;</subfield>
    <subfield code="c">25 cm</subfield>
  </datafield>
  <datafield tag="336" ind1=" " ind2=" ">
    <subfield code="a">text</subfield>
    <subfield code="2">rdacontent</subfield>
  </datafield>
  <datafield tag="337" ind1=" " ind2=" ">
    <subfield code="a">unmediated</subfield>
    <subfield code="2">rdamedia</subfield>
  </datafield>
  <datafield tag="338" ind1=" " ind2=" ">
    <subfield code="a">volume</subfield>
    <subfield code="2">rdacarrier</subfield>
  </datafield>
  <datafield tag="504" ind1=" " ind2=" ">
    <subfield code="a">Includes bibliographical references and index.</subfield>
  </datafield>
  <datafield tag="520" ind1=" " ind2=" ">
    <subfield code="a">On the role of feudal families of Pakistan as king-makers in Pakistani politics; includes a historical study of such families.</subfield>
  </datafield>
  <datafield tag="546" ind1=" " ind2=" ">
    <subfield code="a">In Urdu.</subfield>
  </datafield>
  <datafield tag="651" ind1=" " ind2="0">
    <subfield code="a">Pakistan</subfield>
    <subfield code="x">Politics and government.</subfield>
    <subfield code="9">206</subfield>
  </datafield>
  <datafield tag="651" ind1=" " ind2="0">
    <subfield code="a">Pakistan</subfield>
    <subfield code="v">Genealogy.</subfield>
    <subfield code="9">15341</subfield>
  </datafield>
  <datafield tag="880" ind1="1" ind2=" ">
    <subfield code="6">100-01/(3/r&#x200F;</subfield>
    <subfield code="a">&#x200F;&#x62C;&#x639;&#x641;&#x631;&#x649;&#x60C; &#x639;&#x642;&#x64A;&#x644; &#x639;&#x628;&#x651;&#x627;&#x633;.</subfield>
  </datafield>
  <datafield tag="880" ind1="1" ind2="0">
    <subfield code="6">245-02/(4/r&#x200F;</subfield>
    <subfield code="a">&#x200F;&#x67E;&#x627;&#x6A9;&#x633;&#x62A;&#x627;&#x646; &#x6A9;&#x6D2; &#x633;&#x64A;&#x627;&#x633;&#x649; &#x648;&#x688;&#x64A;&#x631;&#x6D2; /&#x200F;</subfield>
    <subfield code="c">&#x200F;&#x639;&#x642;&#x64A;&#x644; &#x639;&#x628;&#x651;&#x627;&#x633; &#x62C;&#x639;&#x641;&#x631;&#x649;.</subfield>
  </datafield>
  <datafield tag="880" ind1=" " ind2=" ">
    <subfield code="6">250-03/(3/r&#x200F;</subfield>
    <subfield code="a">&#x200F;&#x645;&#x6A9;&#x645;&#x644; &#x627;&#x636;&#x627;&#x641;&#x647; &#x627;&#x648;&#x631; &#x646;&#x638;&#x631; &#x62B;&#x627;&#x646;&#x649; &#x634;&#x62F;&#x647; &#x627;&#x64A;&#x688;&#x64A;&#x634;&#x646;.</subfield>
  </datafield>
  <datafield tag="880" ind1=" " ind2="1">
    <subfield code="6">264-04/(4/r&#x200F;</subfield>
    <subfield code="a">&#x200F;&#x6A9;&#x631;&#x627;&#x686;&#x649; :&#x200F;</subfield>
    <subfield code="b">&#x200F;&#x648;&#x631;&#x62B;&#x647;&#x60C;&#x200F;</subfield>
    <subfield code="c">&#x200F;2011.</subfield>
  </datafield>
  <datafield tag="906" ind1=" " ind2=" ">
    <subfield code="a">7</subfield>
    <subfield code="b">cbc</subfield>
    <subfield code="c">origode</subfield>
    <subfield code="d">3</subfield>
    <subfield code="e">ncip</subfield>
    <subfield code="f">20</subfield>
    <subfield code="g">y-nonroman</subfield>
  </datafield>
  <datafield tag="942" ind1=" " ind2=" ">
    <subfield code="2">ddc</subfield>
    <subfield code="c">BK</subfield>
  </datafield>
  <datafield tag="952" ind1=" " ind2=" ">
    <subfield code="0">0</subfield>
    <subfield code="1">0</subfield>
    <subfield code="2">ddc</subfield>
    <subfield code="4">0</subfield>
    <subfield code="7">0</subfield>
    <subfield code="a">CL</subfield>
    <subfield code="b">CL</subfield>
    <subfield code="c">LIT</subfield>
    <subfield code="d">2019-06-22</subfield>
    <subfield code="l">0</subfield>
    <subfield code="o">320.9547 JAF</subfield>
    <subfield code="p">CL-E-2133</subfield>
    <subfield code="r">2019-06-22</subfield>
    <subfield code="w">2019-06-22</subfield>
    <subfield code="y">BK</subfield>
  </datafield>
</record>
